LIBRARY & INFORMATION CENTRE, KCAET, TAVANUR

ONLINE PUBLIC ACCESS CATALOGUE (OPAC)

Sthree hrudayam / (Record no. 12615)

MARC details
000 -LEADER
fixed length control field 00449cam a2200181ua 4500
041 ## - LANGUAGE CODE
Language code of text/sound track or separate title mal
082 ## - DEWEY DECIMAL CLASSIFICATION NUMBER
Classification number 894.812301
Item number RAG/ST
100 ## - MAIN ENTRY--AUTHOR NAME
Personal name Raghavan, Kuruvangad .
245 ## - TITLE STATEMENT
Title Sthree hrudayam /
250 ## - EDITION STATEMENT
Edition statement 1 /
260 ## - PUBLICATION, DISTRIBUTION, ETC. (IMPRINT)
Place of publication Calicut :
Name of publisher P K Brothers ,
Year of publication 1959.
300 ## - PHYSICAL DESCRIPTION
Number of Pages 74 ; .
942 ## - ADDED ENTRY ELEMENTS (KOHA)
Koha item type Books
Holdings
Withdrawn status Lost status Damaged status Home library Current library Date acquired Full call number Accession Number Koha item type
Withdrawn     KAUAET Malayalam University 07/04/2012 894.812301 1417 Books
free website counter